| 000 | 00719cam a22002175a 4500 | ||
|---|---|---|---|
| 001 | 18616839 | ||
| 005 | 20161204134554.0 | ||
| 008 | 150513t2015 enka fr 001 0 eng d | ||
| 020 | _a9780128012482 | ||
| 040 |
_aDLC _beng _cDLC _dEG-ScBUE |
||
| 082 | 0 | 4 |
_222 _a625.7 _bHIG |
| 245 | 0 | 0 |
_aHighway engineering : _bplanning, design, and operations / _cDaniel J. Findley ... [et al.] |
| 260 |
_aOxford ; _aWaltham : _bButterworth-Heinemann / Elsevier, _cc.2016. |
||
| 300 |
_avii, 714 p. : _bill. ; _c24 cm. |
||
| 500 | _aIndex : p. 697-714. | ||
| 650 | 7 |
_2BUEsh _94092 _aHighway engineering. |
|
| 650 | 7 |
_94093 _aTraffic engineering. _2BUEsh |
|
| 653 |
_bENGARC _cDecember2016 |
||
| 700 | 1 | _aFindley, Daniel J. | |
| 942 | _2ddc | ||
| 999 |
_c23435 _d23407 |
||